<?xml version="1.0" encoding="UTF-8"?>
<record
    xmlns:xsi="http://www.w3.org/2001/XMLSchema-instance"
    xsi:schemaLocation="http://www.loc.gov/MARC21/slim http://www.loc.gov/standards/marcxml/schema/MARC21slim.xsd"
    xmlns="http://www.loc.gov/MARC21/slim">

  <leader>00566nam a22001817a 4500</leader>
  <controlfield tag="001">84633</controlfield>
  <controlfield tag="003">BD-RjUL</controlfield>
  <controlfield tag="005">20250202153457.0</controlfield>
  <controlfield tag="008">250202s1952    pk ||||| |||| 00| 0 urd d</controlfield>
  <datafield tag="035" ind1=" " ind2=" ">
    <subfield code="a">(BD-RjUL)84633</subfield>
  </datafield>
  <datafield tag="040" ind1=" " ind2=" ">
    <subfield code="a">BD-RjUL</subfield>
    <subfield code="b">eng</subfield>
    <subfield code="c">BD-RjUL</subfield>
  </datafield>
  <datafield tag="041" ind1=" " ind2=" ">
    <subfield code="a">urd</subfield>
  </datafield>
  <datafield tag="082" ind1=" " ind2=" ">
    <subfield code="2">23</subfield>
    <subfield code="a">915.5</subfield>
    <subfield code="b">KHI 1952</subfield>
  </datafield>
  <datafield tag="245" ind1=" " ind2=" ">
    <subfield code="a">&#x627;&#x6CC;&#x631;&#x627;&#x646; &#x62C;&#x627;&#x6AF; &#x627;&#x679;&#x6BE;&#x627;  ;; Iran jag atha /</subfield>
    <subfield code="c">&#x627;&#x646;&#x639;&#x627;&#x645; &#x627;&#x644;&#x644;&#x6C1; &#x62E;&#x627;&#x6BA; ;;  Anamullah Khan</subfield>
  </datafield>
  <datafield tag="260" ind1=" " ind2=" ">
    <subfield code="a">Karachi :&#x6A9;&#x631;&#x627;&#x686;&#x6CC;</subfield>
    <subfield code="b"> Urdu ekademi , &#x627;&#x631;&#x62F;&#x648; &#x627;&#x6A9;&#x6CC;&#x688;&#x645;&#x6CC; &#x633;&#x646;&#x62F;&#x6BE;&#x60C; </subfield>
    <subfield code="c">1952</subfield>
  </datafield>
  <datafield tag="300" ind1=" " ind2=" ">
    <subfield code="a">&#x635;&#x641;&#x62D;&#x627;&#x62A; :118</subfield>
    <subfield code="c">18 cm</subfield>
  </datafield>
  <datafield tag="942" ind1=" " ind2=" ">
    <subfield code="2">ddc</subfield>
    <subfield code="c">BK</subfield>
  </datafield>
  <datafield tag="999" ind1=" " ind2=" ">
    <subfield code="c">84633</subfield>
    <subfield code="d">84633</subfield>
  </datafield>
  <datafield tag="952" ind1=" " ind2=" ">
    <subfield code="0">0</subfield>
    <subfield code="1">0</subfield>
    <subfield code="2">ddc</subfield>
    <subfield code="4">0</subfield>
    <subfield code="7">1</subfield>
    <subfield code="8">NFIC</subfield>
    <subfield code="a">RUCL</subfield>
    <subfield code="b">RUCL</subfield>
    <subfield code="c">Reading</subfield>
    <subfield code="d">1972-02-15</subfield>
    <subfield code="e">feroz sons</subfield>
    <subfield code="g">1.23</subfield>
    <subfield code="l">0</subfield>
    <subfield code="o">U 915.5 KHI 1952</subfield>
    <subfield code="r">2025-02-02 00:00:00</subfield>
    <subfield code="t">C-1</subfield>
    <subfield code="w">2025-02-02</subfield>
    <subfield code="y">BK</subfield>
  </datafield>
</record>
